ダッフィーフレンズ - Statistics

General Stats
  • This quiz has been taken 28 times
  • The average score is 6 of 7
Answer Stats
Picture Hint Answer % Correct
ミニーがミッキーのために作ったくまのぬいぐるみ ダッフィー
100%
手先が器用で思いやりのあるくまのぬいぐるみ シェリーメイ
92%
アートの才能があふれるネコの子 ジェラトーニ
92%
音楽が大好きなカメの子 オル・メル
81%
ダンサーになることを夢見て頑張るうさぎの子 ステラ・ルー
77%
好奇心旺盛で発想が豊かないぬの子 クッキー・アン
69%
問題を解決するのが得意なキツネの子 リーナ・ベル
46%
No matching quizzes found
Score Distribution
Percent of People with Each Score
Percentile by Number Answered
Your Score History
You have not taken this quiz